Score 0/13 Timer 05:00
0 Plays Today
Description Anime % Correct
A cellphone-addicted teen falls in love with his stalker, but then kills her.Mirai Nikki (Future Diary)
73.7%
A group of misfits travel the solar system in order to participate in semi-choreographed fight scenes. They occasionally do their jobs as well.Cowboy Bebop
53.5%
A private-school student with serious daddy issues becomes a terrorist for the sake of a blind cripple.Code Geass: Lelouch of the Rebellion
46.3%
A busty British policewoman and Vlad the Impaler manage to look really cool while the plot progesses on the sidelines.Hellsing Ultimate
41.6%
A young miner saves humanity with the power of slightly-phallic objects.Tengen Toppa Gurren Lagann
36.1%
A ditzy waitress 'hires' two criminals to help her search for a certain aromatic warrior.Samurai Champloo
33.2%
An unlikeable teenage boy whines about his job while impossibly hot women surround him at all times.Neon Genesis Evangelion
31.8%
Two well-meaning, yet bumbling office girls chase a mysterious aryan man across the desert on a far away planet.Trigun
31.4%
A morally ambiguous office worker spends a significant amount of his time in Thailand trying not to be killed by a psychotic Chinese gunslinger.Black Lagoon
25.9%
A lazy highschooler (inadvertantly?) mends the slightly broken souls of countless moe girls, only to have his life go down the gutter eight years later.Clannad & Clannad: After Story
22.7%
An angsty teen and his former best friend spend two hours shouting each other's names, only to end up destroying a city.Akira
13%
A purple-haired superwoman leads a team of anacronistically-hairstyled men against the forces of ambiguous evil.Ghost in the Shell: Stand Alone Complex
10.9%
A bouncy-chested girl with an inferiority complex learns how to fight bugs in space.Toppu o Nerae (Gunbuster)
3.4%
Remove Ads.
Support Sporcle.
Get the best of Sporcle when you Go Orange. This ad-free experience offers more features, more stats, and more fun while also helping to support Sporcle. Thank you for becoming a member.

You're not logged in!

Compare scores with friends on all Sporcle quizzes.
OR
Log In

Show Comments

Extras

Top Quizzes Today


Score Distribution

Your Account Isn't Verified!

In order to create a playlist on Sporcle, you need to verify the email address you used during registration. Go to your Sporcle Settings to finish the process.

Report this User

Report this user for behavior that violates our Community Guidelines.

Details: